000 00741nam a2200301Ia 4500
008 160803s9999 xx 000 0 und d
020 _a0 786818697
100 _aWillems, Mo
245 4 _aThe pigeon finds a hot dog! /
245 _cwords and pictures by Mo Willems.
250 _aFirst edition.
260 _aNew York :
260 _bScholastic Inc.
260 _c2004
300 _a32 unnumbered pages :
300 _bcolor illustrations ;
300 _c24 cm
440 _aPigeon series ;
440 _vvol. 2
650 _aDucks --
650 _aHumorous stories.
650 _aPigeons --
650 _aSharing --
650 _xFiction.
650 _xFiction.
650 _xFiction.
700 _a300
999 _c299384
_d299384